Statistiques concernant Toutes les communes de la Haute-Vienne sur une carte

Cliquez ici pour prendre le quiz!

Statistiques générales

  • Ce quiz a été pris 223 fois
  • Le résultat moyen est 55 sur 195

Réponses sur la Carte

Les réponses sont colorées sur une échelle allant du rouge au vert en fonction du pourcentage des utilisateurs qui les ont devinées à leur premier essai. Vous pouvez retrouver ces pourcentages ci-dessous.
 

Statistiques - réponses

Réponse% Correct
Limoges
98%
Saint-Junien
76%
Saint-Junien-les-Combes
76%
Bellac
75%
Couzeix
70%
Isle
70%
Oradour-Saint-Genest
70%
Oradour-sur-Glane
70%
Oradour-sur-Vayres
70%
Rochechouart
70%
Aixe-sur-Vienne
63%
Panazol
63%
Ambazac
61%
Saint-Yrieix-la-Perche
60%
Saint-Yrieix-sous-Aixe
60%
Saint-Léonard-de-Noblat
58%
Feytiat
55%
Condat-sur-Vienne
53%
Le Dorat
50%
Saint-Priest-Ligoure
48%
Saint-Priest-sous-Aixe
48%
Saint-Priest-Taurion
48%
Bessines-sur-Gartempe
47%
Eymoutiers
47%
Saint-Pardoux-le-Lac
47%
Le Palais-sur-Vienne
46%
Saint-Laurent-les-Églises
45%
Saint-Laurent-sur-Gorre
45%
Saint-Martin-de-Jussac
45%
Saint-Martin-le-Mault
45%
Saint-Martin-le-Vieux
45%
Saint-Martin-Terressus
45%
Saint-Paul
45%
Rilhac-Lastours
44%
Rilhac-Rancon
44%
Arnac-la-Poste
43%
Nexon
43%
Saint-Sulpice-Laurière
43%
Saint-Sulpice-les-Feuilles
43%
Verneuil-Moustiers
43%
Verneuil-sur-Vienne
43%
Châlus
41%
Le Vigen
41%
Saint-Just-le-Martel
41%
Nantiat
40%
Saint-Jean-Ligoure
40%
Nieul
38%
Boisseuil
37%
Bonnac-la-Côte
37%
Bosmie-l'Aiguille
37%
Saint-Germain-les-Belles
37%
Saint-Hilaire-Bonneval
37%
Saint-Hilaire-la-Treille
37%
Saint-Hilaire-les-Places
37%
Saint-Maurice-les-Brousses
37%
Pierre-Buffière
36%
Solignac
36%
Chaptelat
34%
Saint-Mathieu
34%
Veyrac
34%
Compreignac
33%
Gorre
32%
Bussière-Galant
31%
Châteauneuf-la-Forêt
31%
Saint-Léger-la-Montagne
31%
Saint-Léger-Magnazeix
31%
Blond
30%
Châteauponsac
30%
Les Cars
30%
Magnac-Laval
30%
Razès
30%
Saint-Gence
30%
Saint-Julien-le-Petit
30%
Aureil
29%
Eyjeaux
29%
Saillat-sur-Vienne
29%
Cussac
28%
Flavignac
28%
Saint-Bonnet-Briance
28%
Saint-Bonnet-de-Bellac
28%
Saint-Brice-sur-Vienne
28%
La Geneytouse
27%
Magnac-Bourg
27%
Saint-Auvent
27%
Saint-Victurnien
27%
Saint-Genest-sur-Roselle
26%
Saint-Jouvent
26%
Peyrat-de-Bellac
25%
Peyrat-le-Château
25%
Royères
25%
Séreilhac
25%
Folles
24%
Jourgnac
24%
Coussac-Bonneval
23%
Dournazac
23%
La Roche-l'Abeille
23%
Peyrilhac
23%
Saint-Cyr
23%
Sauviat-sur-Vige
23%
Berneuil
22%
Beynac
22%
Bujaleuf
22%
Chaillac-sur-Vienne
22%
La Jonchère-Saint-Maurice
22%
Lussac-les-Églises
22%
Saint-Denis-des-Murs
22%
Saint-Sornin-la-Marche
22%
Saint-Sornin-Leulac
22%
Saint-Sylvestre
22%
Glandon
21%
Ladignac-le-Long
21%
La Porcherie
21%
Nedde
21%
Rancon
21%
Champsac
20%
Cognac-la-Forêt
20%
Vayres
20%
Burgnac
19%
Cieux
19%
Laurière
19%
Saint-Amand-le-Petit
19%
Saint-Amand-Magnazeix
19%
Bersac-sur-Rivalier
18%
Champagnac-la-Rivière
18%
Château-Chervix
18%
Fromental
18%
La Croisille-sur-Briance
18%
Neuvic-Entier
18%
Dompierre-les-Églises
17%
Droux
17%
Glanges
17%
La Meyze
17%
Linards
17%
Nouic
17%
Sainte-Marie-de-Vaux
17%
Saint-Georges-les-Landes
17%
Saint-Ouen-sur-Gartempe
17%
Thouron
17%
Beaumont-du-Lac
16%
Le Châtenet-en-Dognon
16%
Meuzac
16%
Mortemart
16%
Sainte-Anne-Saint-Priest
16%
Vicq-sur-Breuilh
16%
Augne
15%
Chamboret
15%
La Chapelle-Montbrandeix
15%
Le Buis
15%
Les Billanges
15%
Moissannes
15%
Val-d'Oire-et-Gartempe
15%
Balledent
14%
Dinsac
14%
Jabreilles-les-Bordes
14%
Javerdat
14%
Maisonnais-sur-Tardoire
14%
Masléon
14%
Villefavard
14%
Azat-le-Ris
13%
Blanzac
13%
Lavignac
13%
Pageas
13%
Tersannes
13%
Val d'Issoire
13%
Vaulry
13%
Champnétery
12%
Chéronnac
12%
Cromac
12%
Eybouleuf
12%
Marval
12%
Meilhac
12%
Saint-Martial-sur-Isop
12%
Sussac
12%
Breuilaufa
11%
Cheissoux
11%
Domps
11%
Janailhac
11%
Montrol-Sénard
11%
Le Chalard
10%
Mailhac-sur-Benaize
10%
Pensol
10%
Rempnat
10%
Roziers-Saint-Georges
10%
Saint-Bazile
10%
Saint-Gilles-les-Forêts
10%
Surdoux
10%
Videix
10%
Gajoubert
9%
Jouac
9%
La Bazeuge
9%
La Croix-sur-Gartempe
9%
Les Grands-Chézeaux
9%
Les Salles-Lavauguyon
9%
Saint-Méard
9%
Saint-Vitte-sur-Briance
7%

Distribution des résultats

Percentile par nombre de réponses

% des personnes avec chaque résultat

Votre développement - résultats

Vous n’avez pas pris ce quiz